| 000 | 00627nam a2200205 a 4500 | ||
|---|---|---|---|
| 005 | 20240911064442.0 | ||
| 008 | 991125s1979 cam 000 0 eng u | ||
| 020 | _a0521296609 | ||
| 035 | _aUPN01000040865 | ||
| 049 | _aCG | ||
| 050 | 4 |
_aH61 _bT45 |
|
| 100 | 1 |
_aThomas, David, _d1954- |
|
| 245 | 1 | 0 |
_aNaturalism and social science : _ba postempiricist philosophy of social science / _cDavid Thomas. |
| 260 |
_aCambridge, Mass. : _bCambridge University, _c1979. |
||
| 300 | _a213 p. | ||
| 440 | 0 | _aThemes in the social sciences | |
| 650 | 4 |
_aCiencia _xFilosofĂa _94696 |
|
| 650 | 4 |
_aCiencias sociales _99133 |
|
| 905 | _aLibro | ||
| 999 |
_c40865 _d40865 |
||